Valute - Statistics

Statistiche generali
  • Questo quiz è stato fatto 178 volte
  • Il punteggio medio è 8 su 15
Statistiche sulle risposte
Paese Valuta % Corretto
Italia Euro
100%
Germania Euro
100%
Stati Uniti Dollaro
97%
Regno unito Sterlina
91%
Giappone Yen
88%
Russia Rublo russo
73%
Svizzera Franco svizzero
70%
Colombia Peso colombiano
58%
India Rupia indiana
54%
Brasile Real brasiliano
27%
Corea del sud Won sud coreano
18%
Congo Franco congolese
16%
Israele Nuovo siclo
13%
Cina Renminbi cinese
13%
Samoa Tala samoano
8%
Nessun quiz corrispondente trovato
Distribuzione punteggi
Percentuale di utenti per punteggio
Percentile per numero di risposta
I tuoi punteggi nel tempo
Non hai fatto questo quiz